| 000 | 00443nab a2200145Ia 4500 | ||
|---|---|---|---|
| 003 | ES-SlBCS | ||
| 005 | 20210601131439.0 | ||
| 008 | 140529s1991 xxu||||| |||| 00| 0 fre d | ||
| 041 | _afre | ||
| 100 | 1 |
_aBoutot, Alain _9178754 |
|
| 245 | 0 | 0 |
_aLa philosophie di chaos _c Alain Boutot |
| 650 | 0 | 4 |
_aFilosofía del Caos _9185118 |
| 773 | 0 |
_tRevue Philosophique de la France et de L'etranger _gvol. 181, 1991, págs. 145-178 _wRev1701 |
|
| 942 | _cAR | ||
| 999 |
_c563254 _d563254 |
||